<?xml version="1.0" encoding="UTF-8"?>
<record
    xmlns:xsi="http://www.w3.org/2001/XMLSchema-instance"
    xsi:schemaLocation="http://www.loc.gov/MARC21/slim http://www.loc.gov/standards/marcxml/schema/MARC21slim.xsd"
    xmlns="http://www.loc.gov/MARC21/slim">

  <leader>01791nam a2200397 a 4500</leader>
  <datafield tag="999" ind1=" " ind2=" ">
    <subfield code="c">357876</subfield>
    <subfield code="d">357876</subfield>
  </datafield>
  <controlfield tag="001">000000397551</controlfield>
  <controlfield tag="003">IT-MiSPE</controlfield>
  <controlfield tag="005">20180925151428.0</controlfield>
  <controlfield tag="008">111128s2011    it            001 u ita d</controlfield>
  <datafield tag="020" ind1=" " ind2=" ">
    <subfield code="a">9788816409422</subfield>
    <subfield code="c">74.00 EUR</subfield>
  </datafield>
  <datafield tag="040" ind1=" " ind2=" ">
    <subfield code="a">IT-MiSPE</subfield>
    <subfield code="b">ita</subfield>
    <subfield code="d">ip</subfield>
    <subfield code="c">IT-MiSPE</subfield>
  </datafield>
  <datafield tag="041" ind1=" " ind2=" ">
    <subfield code="h">fre</subfield>
  </datafield>
  <datafield tag="082" ind1=" " ind2=" ">
    <subfield code="a">189-GIL &#xE9;t to (23154)</subfield>
  </datafield>
  <datafield tag="100" ind1="1" ind2=" ">
    <subfield code="a">Gilson, &#xC9;tienne Henry,</subfield>
    <subfield code="d">1884-1978.</subfield>
    <subfield code="e">autore</subfield>
    <subfield code="9">57158</subfield>
  </datafield>
  <datafield tag="240" ind1="1" ind2="3">
    <subfield code="a">Le Thomisme. Introduction &#xE0; la philosophie de Saint Thomas d'Aquin</subfield>
    <subfield code="l">fre</subfield>
  </datafield>
  <datafield tag="245" ind1="1" ind2="3">
    <subfield code="a">Il tomismo :</subfield>
    <subfield code="b">introduzione alla filosofia di san Tommaso d'Aquino /</subfield>
    <subfield code="c">&#xC9;tienne Gilson ; a cura di Costante Marabelli e Filippo Marabelli ; con un saggio introduttivo di Costante Marabelli.</subfield>
  </datafield>
  <datafield tag="250" ind1=" " ind2=" ">
    <subfield code="a">Edizione italiana condotta sulla sesta edizione francese</subfield>
  </datafield>
  <datafield tag="260" ind1=" " ind2=" ">
    <subfield code="a">Milano :</subfield>
    <subfield code="b">Jaca Book,</subfield>
    <subfield code="c">2011.</subfield>
  </datafield>
  <datafield tag="300" ind1=" " ind2=" ">
    <subfield code="a">cxlviii, 657 p. ;</subfield>
    <subfield code="c">23 cm</subfield>
  </datafield>
  <datafield tag="440" ind1=" " ind2=" ">
    <subfield code="a">Con un saggio introduttivo di Costante Marabelli</subfield>
    <subfield code="9">57159</subfield>
  </datafield>
  <datafield tag="490" ind1="1" ind2=" ">
    <subfield code="a">Biblioteca di cultura medievale </subfield>
  </datafield>
  <datafield tag="490" ind1="1" ind2=" ">
    <subfield code="a">Di fronte e attraverso ;</subfield>
    <subfield code="v">942</subfield>
  </datafield>
  <datafield tag="504" ind1=" " ind2=" ">
    <subfield code="a">Contiene riferimenti bibliografici e indice</subfield>
  </datafield>
  <datafield tag="546" ind1=" " ind2=" ">
    <subfield code="a">Traduzione di Filippo Marabelli</subfield>
  </datafield>
  <datafield tag="655" ind1=" " ind2="7">
    <subfield code="a">Filosofia medievale e scolastica</subfield>
    <subfield code="x">Saggi, varia.</subfield>
    <subfield code="2">local</subfield>
    <subfield code="9">57160</subfield>
  </datafield>
  <datafield tag="655" ind1=" " ind2="7">
    <subfield code="a">Teologi. Thomas Aquinas, s. ca.1225-1274</subfield>
    <subfield code="x">Filosofia.</subfield>
    <subfield code="2">local</subfield>
    <subfield code="9">57161</subfield>
  </datafield>
  <datafield tag="655" ind1=" " ind2="7">
    <subfield code="a">Teologi. Thomas Aquinas, s. ca.1225-1274</subfield>
    <subfield code="x">Opere generali, manuali.</subfield>
    <subfield code="2">local</subfield>
    <subfield code="9">57162</subfield>
  </datafield>
  <datafield tag="655" ind1=" " ind2="7">
    <subfield code="a">Teologi. Thomas Aquinas, s. ca.1225-1274</subfield>
    <subfield code="x">Influsso sulla posterit&#xE0;.</subfield>
    <subfield code="2">local</subfield>
    <subfield code="9">57163</subfield>
  </datafield>
  <datafield tag="700" ind1="1" ind2=" ">
    <subfield code="a">Marabelli, Costante,</subfield>
    <subfield code="e">ed.</subfield>
    <subfield code="d">1953-</subfield>
    <subfield code="9">57164</subfield>
  </datafield>
  <datafield tag="700" ind1="1" ind2=" ">
    <subfield code="a">Marabelli, Filippo,</subfield>
    <subfield code="e">ed.</subfield>
    <subfield code="9">57165</subfield>
  </datafield>
  <datafield tag="830" ind1=" " ind2="0">
    <subfield code="a">Biblioteca di cultura medievale.</subfield>
    <subfield code="9">35363</subfield>
  </datafield>
  <datafield tag="830" ind1=" " ind2="0">
    <subfield code="a">Di fronte e attraverso ;</subfield>
    <subfield code="v">942.</subfield>
    <subfield code="9">57166</subfield>
  </datafield>
  <datafield tag="942" ind1=" " ind2=" ">
    <subfield code="2">ddc</subfield>
    <subfield code="c">BK</subfield>
  </datafield>
  <datafield tag="952" ind1=" " ind2=" ">
    <subfield code="0">0</subfield>
    <subfield code="1">0</subfield>
    <subfield code="2">ddc</subfield>
    <subfield code="4">0</subfield>
    <subfield code="6">189GIL_&#xC9;T_TO_23154</subfield>
    <subfield code="7">1</subfield>
    <subfield code="a">CINISELLO</subfield>
    <subfield code="b">CINISELLO</subfield>
    <subfield code="d">2018-05-12</subfield>
    <subfield code="l">0</subfield>
    <subfield code="o">189-GIL &#xE9;t to (23154)</subfield>
    <subfield code="p">9788816409422</subfield>
    <subfield code="r">2018-05-12 00:00:00</subfield>
    <subfield code="w">2018-05-12</subfield>
    <subfield code="y">BK</subfield>
  </datafield>
</record>
